| 000 | 00650nam a22002057a 4500 | ||
|---|---|---|---|
| 999 |
_c17943 _d17943 |
||
| 003 | AR-CdUCM | ||
| 008 | 190510b ||||| |||| 00| 0 spa d | ||
| 040 |
_aMUNICIPALIDAD PROVINCIAL DEL CUSCO _cBIBLIOTECA MUNICIPAL DEL CUSCO |
||
| 082 |
_a330.985 / _bU26 |
||
| 100 |
_aUgarte, César Antonio _91416 |
||
| 245 | _aBosquejo de la historia económica del Perú / | ||
| 260 |
_aLima : _bBCR, _c1980. |
||
| 300 |
_a214 páginas ; _c21 cm. |
||
| 505 | _aContenido: El Perú antiguo -- La colonia -- La república. | ||
| 650 |
_aFinanzas _94496 |
||
| 650 |
_aPerú _935 |
||
| 650 |
_aHistoria _9136 |
||
| 942 |
_2ddc _cLIBROS |
||
| 945 |
_adavv _d2019-05-10 |
||